Values and ethics in human development professions /

Bibliographic Details
Other Authors: Vallance, Theodore R.
Format: Book
Language:English
Published: Dubuque, Iowa : Kendall/Hunt Pub. Co., [1984]
Subjects:

MARC

Tag First Indicator Second Indicator Subfields
LEADER 00000cam a2200000 a 4500
001 in00000544821
005 20151014052041.0
008 840723s1984 iau b 00000 eng
010 |a  84081721  
020 |a 0840334656 (pbk.) 
035 |a (OCoLC)11650392 
035 |9 ACJ7327AM 
039 0 |a 2  |b 3  |c 3  |d 3  |e 3 
040 |a DLC  |c DLC  |d TXA  |d UtOrBLW 
049 |a TXAM 
050 0 0 |a BJ1012  |b .V33 1984 
082 0 |a 174  |2 19 
245 0 0 |a Values and ethics in human development professions /  |c edited by Theodore R. Vallance. 
264 1 |a Dubuque, Iowa :  |b Kendall/Hunt Pub. Co.,  |c [1984] 
264 4 |c ©1984 
300 |a vi, 502 pages ;  |c 24 cm. 
336 |a text  |b txt  |2 rdacontent 
337 |a unmediated  |b n  |2 rdamedia 
338 |a volume  |b nc  |2 rdacarrier 
504 |a Includes bibliographies. 
650 0 |a Ethics. 
650 0 |a Social ethics. 
650 0 |a Professional ethics. 
700 1 |a Vallance, Theodore R. 
999 |a MARS 
999 f f |s e2cb1430-4c40-3eef-94b6-bf23c2c7f1d1  |i 002199ba-e8ef-34dd-8403-34add711b3e8  |t 0 
952 f f |p ric  |a Texas A&M University  |b Rellis Campus  |c Joint Library Facility  |d Remote Storage  |t 0  |e BJ1012 .V33 1984  |h Library of Congress classification  |i unmediated -- volume  |m A14808935515 
998 f f |a BJ1012 .V33 1984  |t 0  |l Remote Storage